[Event "3rd EUR-ch (w)"]
[Site "Varna BUL"]
[Date "2002.05.31"]
[Round "5.14"]
[White "Vasylevich, Tatiana"]
[Black "Nepeina-Leconte, Maria"]
[Result "1/2-1/2"]
[WhiteElo "2421"]
[BlackElo "2308"]
[EventDate "2002.05.27"]
[PlyCount "65"]

1.d4 d5 2.c4 e6 3.Nf3 c5 4.cxd5 exd5 5.g3 Nc6 6.Bg2 Nf6 7.O-O Be7 8.Nc3 
O-O 9.dxc5 Bxc5 10.Bg5 d4 11.Bxf6 Qxf6 12.Nd5 Qd8 13.Nd2 Re8 14.Rc1 Bb6 
15.Nc4 Bg4 16.Re1 Ba5 17.Nxa5 Qxa5 18.b4 Nxb4 19.Qxd4 Nxd5 20.Qxg4 Rad8 
21.Red1 Nf6 22.Rxd8 Qxd8 23.Qc4 Qd2 24.Bf3 h6 25.Rc2 Qd1+ 26.Kg2 b6 27.Qb3
Qd6 28.Rc6 Qe5 29.Qc4 Re7 30.Rc8+ Re8 31.Rc7 Re7 32.Rc8+ Re8 33.Rc7 
1/2-1/2

[Event "3rd EUR-ch (w)"]
[Site "Varna BUL"]
[Date "2002.05.31"]
[Round "5.15"]
[White "Jackova, Jana"]
[Black "Peptan, Corina-Isabela"]
[Result "1/2-1/2"]
[WhiteElo "2325"]
[BlackElo "2480"]
[EventDate "2002.05.27"]
[PlyCount "91"]

1.e4 c5 2.Nf3 e6 3.Nc3 a6 4.d4 cxd4 5.Nxd4 Qc7 6.Bd3 Nc6 7.Be3 Nf6 8.O-O 
Bd6 9.h3 b5 10.a3 Bb7 11.Qe2 O-O 12.Kh1 Be5 13.Nf3 Bxc3 14.bxc3 d6 15.a4 
Ne5 16.Nxe5 dxe5 17.Bg5 Nd7 18.axb5 axb5 19.Rxa8 Rxa8 20.Bxb5 Nc5 21.f3 h6
22.Bh4 Na4 23.c4 Nc5 24.Bg3 Ra3 25.Kh2 f6 26.Rd1 Kh7 27.Qe1 Ra8 28.Qe3 Rc8
29.h4 Qf7 30.Kg1 Qg6 31.Bf2 f5 32.exf5 exf5 33.h5 Qf6 34.Qa3 Ne6 35.Qa7 
Rc7 36.Qb8 Qg5 37.Be8 Nf4 38.Bg6+ Nxg6 39.hxg6+ Qxg6 40.Rd8 Qf7 41.c5 e4 
42.Rf8 Qd7 43.Rd8 Qe7 44.Re8 Qf7 45.Rf8 Qd7 46.Rd8 1/2-1/2

[Event "3rd EUR-ch (w)"]
[Site "Varna BUL"]
[Date "2002.05.31"]
[Round "5.16"]
[White "Velikhanli, Firuza"]
[Black "Maric, Alisa"]
[Result "0-1"]
[WhiteElo "2320"]
[BlackElo "2455"]
[EventDate "2002.05.27"]
[PlyCount "102"]

1.e4 c6 2.d4 d5 3.exd5 cxd5 4.c4 Nf6 5.Nc3 e6 6.Nf3 Bb4 7.cxd5 Nxd5 8.Qc2 
Nc6 9.a3 Ba5 10.Bd3 Nxc3 11.bxc3 Nxd4 12.Nxd4 Qxd4 13.Bb5+ Bd7 14.O-O Qd5 
15.c4 Qf5 16.Bxd7+ Kxd7 17.Qb2 b6 18.a4 Rad8 19.Ra3 f6 20.Rg3 Rhg8 21.Rf3 
Qe4 22.Qb5+ Kc7 23.c5 Qc6 24.cxb6+ axb6 25.Qa6 e5 26.Bb2 Rd7 27.h3 Ra8 28.
Qe2 Rd2 29.Bxe5+ Kb7 30.Qe3 Re8 31.Rg3 Rxe5 32.Rxg7+ Rd7 33.Qh6 Ree7 34.
Rg8 Bb4 35.Qf8 Ka6 36.Qh6 Qc4 37.Ra8+ Kb7 38.Rc1 Qxc1+ 39.Qxc1 Re1+ 40.
Qxe1 Bxe1 41.Rf8 Bc3 42.Kf1 Re7 43.g4 Ka6 44.f4 Ka5 45.Ra8+ Kb4 46.f5 Re3 
47.h4 Re4 48.g5 Rxh4 49.g6 hxg6 50.fxg6 Rg4 51.Rb8 Bd4 0-1

[Event "3rd EUR-ch (w)"]
[Site "Varna BUL"]
[Date "2002.05.31"]
[Round "5.17"]
[White "Ovod, Evgenia"]
[Black "Andreeva, Natalia"]
[Result "1/2-1/2"]
[WhiteElo "2379"]
[BlackElo "2289"]
[EventDate "2002.05.27"]
[PlyCount "49"]

1.Nf3 Nf6 2.c4 g6 3.Nc3 c5 4.d4 Bg7 5.d5 d6 6.e4 O-O 7.h3 e6 8.Bd3 exd5 9.
exd5 Ne8 10.O-O Nd7 11.Kh1 f5 12.Ng5 Ndf6 13.f4 Nc7 14.a4 b6 15.Nb5 h6 16.
Nf3 Kh7 17.Qc2 Nxb5 18.axb5 Re8 19.Bd2 Ne4 20.Be1 Qf6 21.Ra2 a6 22.Bh4 Qf7
23.Nd2 Nxd2 24.Qxd2 a5 25.Re1 1/2-1/2

[Event "3rd EUR-ch (w)"]
[Site "Varna BUL"]
[Date "2002.05.31"]
[Round "5.18"]
[White "Kononenko, Tatiana"]
[Black "Calotescu, Ana-Cristina"]
[Result "1-0"]
[WhiteElo "2370"]
[BlackElo "2299"]
[EventDate "2002.05.27"]
[PlyCount "95"]

1.d4 Nf6 2.c4 g6 3.Nc3 Bg7 4.e4 d6 5.f3 O-O 6.Be3 a6 7.Qd2 Nbd7 8.Nh3 c5 
9.d5 b5 10.cxb5 Qa5 11.a4 Nb6 12.Nf2 axb5 13.Bxb5 Ba6 14.Bxa6 Rxa6 15.Qc2 
Nc4 16.Bc1 Nd7 17.O-O Bd4 18.Nb5 Ne3 19.Bxe3 Bxe3 20.Ra3 Bxf2+ 21.Qxf2 Qb4
22.Qc2 Ne5 23.Rfa1 c4 24.Qc3 Qc5+ 25.Qd4 Rc8 26.Qxc5 Rxc5 27.Rc1 Kf8 28.
Kf1 Nd7 29.Ke2 Nb6 30.Nc3 Raa5 31.Ke3 Kg7 32.Kd4 Kf8 33.Rca1 Na8 34.b4 
cxb3 35.Rxb3 Nc7 36.Kd3 h5 37.Rab1 Kg7 38.Rb6 h4 39.R1b4 g5 40.Rc4 f5 41.
Rxc5 Rxc5 42.Rc6 Kf6 43.Rxc5 dxc5 44.Kc4 g4 45.fxg4 fxe4 46.Nxe4+ Ke5 47.
Nc3 e6 48.d6 1-0

[Event "3rd EUR-ch (w)"]
[Site "Varna BUL"]
[Date "2002.05.31"]
[Round "5.19"]
[White "Repkova, Eva"]
[Black "Calzetta Ruiz, Monica"]
[Result "1-0"]
[WhiteElo "2345"]
[BlackElo "2278"]
[EventDate "2002.05.27"]
[PlyCount "65"]

1.e4 c5 2.b3 Nc6 3.Bb2 d6 4.Bb5 e5 5.Bxc6+ bxc6 6.Ne2 f5 7.f4 Qh4+ 8.g3 
Qh3 9.fxe5 Qg2 10.Rf1 fxe4 11.d3 e3 12.Nf4 e2 13.Qxe2 Qxe2+ 14.Kxe2 d5 15.
Nd2 Be7 16.Nf3 Nh6 17.Kf2 O-O 18.Kg2 Bg4 19.h3 g5 20.Nxg5 Bxg5 21.hxg4 
Nxg4 22.Rae1 d4 23.Bc1 Rae8 24.e6 Rf6 25.Kh3 Ne3 26.Bxe3 dxe3 27.Rxe3 h6 
28.Re5 Bxf4 29.Rxf4 Rfxe6 30.Rxe6 Rxe6 31.Rf5 c4 32.dxc4 Re2 33.Ra5 1-0

[Event "3rd EUR-ch (w)"]
[Site "Varna BUL"]
[Date "2002.05.31"]
[Round "5.20"]
[White "Kosintseva, Nadezhda"]
[Black "Krivec, Jana"]
[Result "1/2-1/2"]
[WhiteElo "2336"]
[BlackElo "2271"]
[EventDate "2002.05.27"]
[PlyCount "59"]

1.e4 e5 2.Nf3 Nc6 3.Nc3 Nf6 4.Bb5 Nd4 5.Ba4 c6 6.Nxe5 d5 7.d3 Bd6 8.Nf3 
Bg4 9.Be3 dxe4 10.Nxe4 Nxf3+ 11.gxf3 Bh5 12.Ng3 Bxg3 13.fxg3 Qa5+ 14.c3 
Bxf3 15.Qxf3 Qxa4 16.O-O O-O-O 17.Bd4 h5 18.Bxf6 gxf6 19.Qxf6 h4 20.Qf5+ 
Rd7 21.Rf4 Qc2 22.Rd4 Rd8 23.Re1 hxg3 24.hxg3 Qxb2 25.Re8 Qc1+ 26.Kg2 Qd2+
27.Kh3 Qh6+ 28.Kg2 Qd2+ 29.Kh3 Qh6+ 30.Kg2 1/2-1/2

[Event "3rd EUR-ch (w)"]
[Site "Varna BUL"]
[Date "2002.05.31"]
[Round "5.22"]
[White "Kachiani-Gersinska, Ketino"]
[Black "Movsisian, Naira"]
[Result "1-0"]
[WhiteElo "2465"]
[BlackElo "2078"]
[EventDate "2002.05.27"]
[PlyCount "101"]

1.d4 Nf6 2.c4 g6 3.Nc3 Bg7 4.e4 d6 5.Be2 O-O 6.Bg5 Na6 7.h4 h6 8.Be3 e5 9.
d5 h5 10.f3 c6 11.Nh3 Nh7 12.Nf2 cxd5 13.cxd5 Bf6 14.g3 Nc7 15.Qd2 Ne8 16.
O-O-O a6 17.Na4 b5 18.Nb6 Rb8 19.Nxc8 Rxc8+ 20.Kb1 Ng7 21.Rc1 Qd7 22.Qa5 
Qb7 23.Qb6 Rxc1+ 24.Rxc1 Qxb6 25.Bxb6 Ra8 26.Rc6 Ne8 27.Bf1 g5 28.hxg5 
Nxg5 29.Bg2 a5 30.a3 Kf8 31.Nd3 Be7 32.f4 exf4 33.gxf4 Nh7 34.e5 h4 35.Nf2
f5 36.Bh3 Ng7 37.exd6 Bd8 38.d7 Ke7 39.Bd4 Kxd7 40.Bxg7 Ke7 41.Bxf5 Nf8 
42.Ne4 Kf7 43.Be5 b4 44.a4 b3 45.Kc1 Ra7 46.Ng5+ Bxg5 47.fxg5 h3 48.g6+ 
Kg8 49.Bxh3 Re7 50.Be6+ Nxe6 51.Rxe6 1-0

[Event "3rd EUR-ch (w)"]
[Site "Varna BUL"]
[Date "2002.05.31"]
[Round "5.23"]
[White "Foisor, Cristina"]
[Black "Muzychuk, Anna"]
[Result "1/2-1/2"]
[WhiteElo "2437"]
[BlackElo "2256"]
[EventDate "2002.05.27"]
[PlyCount "140"]

1.Nf3 f5 2.d4 Nf6 3.g3 g6 4.Bg2 Bg7 5.O-O O-O 6.b3 d6 7.Bb2 Qe8 8.Nbd2 
Nbd7 9.Nc4 Ne4 10.e3 b6 11.Ne1 Bb7 12.f3 Nef6 13.Nd3 c5 14.dxc5 Nxc5 15.a4
Nfd7 16.Bxg7 Kxg7 17.Rf2 Qf7 18.Bf1 Nxd3 19.Qxd3 d5 20.Qc3+ Qf6 21.Qxf6+ 
Rxf6 22.Nb2 Re6 23.Nd1 a5 24.Rd2 Ne5 25.Bg2 Rc8 26.h3 Nf7 27.Kf2 Rec6 28.
Ra2 R6c7 29.g4 e6 30.Bf1 Ne5 31.f4 Nd7 32.Kg3 Nc5 33.Nf2 Ba6 34.Bg2 Nd7 
35.g5 h6 36.h4 h5 37.Nd1 Nc5 38.Nf2 Kf7 39.Bf3 Ke7 40.Rd4 Nd7 41.Rd2 Nb8 
42.Rb2 Nd7 43.Nd1 Nc5 44.Nc3 Nd7 45.Nd1 Nc5 46.Kg2 Kf7 47.Nf2 Ke7 48.Ra2 
Nd7 49.Nd1 Nc5 50.Nf2 Nd7 51.Nh3 Rc3 52.Kf2 Nb8 53.Ng1 Nc6 54.Rb2 Nb4 55.
Bd1 Kd6 56.Nf3 Nc6 57.Be2 Bxe2 58.Kxe2 Ke7 59.Rd3 Rxd3 60.Kxd3 Kd6 61.c3 
e5 62.fxe5+ Nxe5+ 63.Nxe5 Kxe5 64.Rf2 Rc7 65.Rf4 Rc8 66.Rd4 Rc6 67.Kd2 Rc7
68.Rf4 Rc6 69.Kc2 Rc7 70.Kd3 Rc6 1/2-1/2

[Event "3rd EUR-ch (w)"]
[Site "Varna BUL"]
[Date "2002.05.31"]
[Round "5.24"]
[White "Richards, Heather"]
[Black "Pahtz, Elisabeth"]
[Result "1-0"]
[WhiteElo "2252"]
[BlackElo "2385"]
[EventDate "2002.05.27"]
[PlyCount "139"]

1.e4 g6 2.d4 Bg7 3.Nc3 d6 4.Be3 a6 5.Qd2 Nd7 6.Nf3 b5 7.a4 b4 8.Ne2 c5 9.
c3 Ngf6 10.Ng3 bxc3 11.bxc3 Qa5 12.Bc4 cxd4 13.cxd4 Qxd2+ 14.Nxd2 Ng4 15.
Rb1 e6 16.O-O Nxe3 17.fxe3 Ke7 18.Rb3 Bh6 19.Rfb1 Rd8 20.Be2 Ra7 21.Nc4 
Rc7 22.Kf2 f5 23.exf5 exf5 24.Na5 Nf6 25.Bf3 Kf7 26.Nc6 Re8 27.d5 Nd7 28.
Rc3 Nc5 29.Nf1 Bd7 30.a5 Kf8 31.Nd2 g5 32.g3 f4 33.exf4 gxf4 34.Nc4 Bg7 
35.Ra3 Bf5 36.Rd1 fxg3+ 37.hxg3 Rd7 38.Nd4 Bg6 39.Bg4 Rf7+ 40.Bf3 Rf6 41.
Kg2 Bh6 42.Rc3 Ne4 43.Rb3 Nc5 44.Rb6 Rd8 45.Rc6 Be8 46.Rc7 Rd7 47.Rc8 Re7 
48.Nxd6 Rxd6 49.Rxc5 Bd7 50.Nc6 Re3 51.Nb8 Bb5 52.Rc8+ Kg7 53.Rd4 Bg5 54.
Re4 Ra3 55.Rc7+ Kf6 56.Ree7 h6 57.Nc6 Ra2+ 58.Kh3 Bxc6 59.dxc6 Rdd2 60.
Rf7+ Ke5 61.Rcd7 Rh2+ 62.Kg4 Ra4+ 63.Rf4 Bxf4 64.Rd5+ Kf6 65.gxf4 Rb2 66.
c7 Rc4 67.Rd6+ Ke7 68.Rc6 h5+ 69.Kf5 Rb5+ 70.Kg6 1-0

[Event "3rd EUR-ch (w)"]
[Site "Varna BUL"]
[Date "2002.05.31"]
[Round "5.27"]
[White "Kadziolka, Beata"]
[Black "Zayats, Elena"]
[Result "1/2-1/2"]
[WhiteElo "2235"]
[BlackElo "2346"]
[EventDate "2002.05.27"]
[PlyCount "49"]

1.d4 Nf6 2.c4 e6 3.Nc3 Bb4 4.Qc2 O-O 5.a3 Bxc3+ 6.Qxc3 b6 7.Bg5 Bb7 8.e3 
h6 9.Bh4 d6 10.f3 Nbd7 11.Nh3 c5 12.dxc5 bxc5 13.Be2 d5 14.O-O-O e5 15.
cxd5 g5 16.Bf2 Nxd5 17.Qc2 Qe7 18.Qf5 c4 19.e4 N5b6 20.Bxc4 Rac8 21.Qg6+ 
Kh8 22.Qxh6+ Kg8 23.Qg6+ Kh8 24.Qh6+ Kg8 25.Qg6+ 1/2-1/2

[Event "3rd EUR-ch (w)"]
[Site "Varna BUL"]
[Date "2002.05.31"]
[Round "5.28"]
[White "Johansson, Victoria"]
[Black "Ciuksyte, Dagne"]
[Result "1/2-1/2"]
[WhiteElo "2189"]
[BlackElo "2340"]
[EventDate "2002.05.27"]
[PlyCount "103"]

1.d4 Nf6 2.c4 e6 3.Nc3 Bb4 4.e3 O-O 5.Bd3 d5 6.Nf3 c5 7.O-O Nc6 8.a3 Bxc3 
9.bxc3 dxc4 10.Bxc4 Qc7 11.Qe2 e5 12.Nxe5 Nxe5 13.dxe5 Qxe5 14.f3 Be6 15.
Bxe6 Qxe6 16.e4 Rfd8 17.Bg5 h6 18.Bxf6 Qxf6 19.Qe3 b6 20.Rad1 Qe6 21.f4 
Qb3 22.Qf3 Qxa3 23.e5 c4 24.Rd6 Rac8 25.Rfd1 Re8 26.Rd7 Qc5+ 27.Kf1 Rc7 
28.R7d5 Qe7 29.f5 Rc5 30.f6 Qc7 31.Qg3 g6 32.Qe3 Rxd5 33.Rxd5 Kh7 34.Qd4 
Kg8 35.Qe3 Kh7 36.Qd4 a6 37.Kf2 Kg8 38.Kf3 Qc6 39.Kf4 Qe6 40.g4 b5 41.h3 
Qc6 42.Kg3 a5 43.Rd6 Qh1 44.Rd8 Qe1+ 45.Kf3 Qf1+ 46.Kg3 Qe1+ 47.Kf3 Rxd8 
48.Qxd8+ Kh7 49.Qf8 Qxc3+ 50.Kf2 Qd2+ 51.Kf3 Qd5+ 52.Kf2 1/2-1/2

[Event "3rd EUR-ch (w)"]
[Site "Varna BUL"]
[Date "2002.05.31"]
[Round "5.30"]
[White "Bosboom-Lanchava, Tea"]
[Black "Hernandez Estevez, Yudania"]
[Result "1/2-1/2"]
[WhiteElo "2330"]
[BlackElo "2247"]
[EventDate "2002.05.27"]
[PlyCount "216"]

1.d4 Nf6 2.c4 g6 3.Nc3 d5 4.Nf3 Bg7 5.e3 O-O 6.Qb3 c6 7.cxd5 cxd5 8.Ne5 
Nc6 9.Nxc6 bxc6 10.Na4 Ne4 11.Bd3 Qa5+ 12.Nc3 Nxc3 13.Bd2 Ba6 14.Bxc3 Qb6 
15.Qc2 Bxd3 16.Qxd3 c5 17.dxc5 Qxc5 18.Bxg7 Kxg7 19.O-O Rac8 20.h3 e6 21.
Qd2 Kg8 22.Rfc1 Qb6 23.b3 a5 24.Rab1 Rfd8 25.a3 h5 26.b4 axb4 27.Rxb4 Qa6 
28.a4 Rxc1+ 29.Qxc1 Rc8 30.Qb2 Qa5 31.g3 Qc5 32.Rb8 Rxb8 33.Qxb8+ Kh7 34.
Qb5 Qc1+ 35.Kg2 Qc3 36.a5 d4 37.Qd7 dxe3 38.Qxf7+ Kh6 39.Qf4+ Kg7 40.Qxe3 
Qxa5 41.Qxe6 Qa8+ 42.Kh2 Qb7 43.Qe5+ Kh7 44.Qf4 Kg7 45.g4 hxg4 46.hxg4 Qc6
47.g5 Qc3 48.Kg2 Qc6+ 49.Kg3 Kg8 50.Qe5 Kf7 51.Qd4 Kg8 52.f3 Kf7 53.Kf4 
Qc1+ 54.Qe3 Qc7+ 55.Kg4 Qd7+ 56.Kg3 Qc6 57.Qa7+ Kg8 58.Qe7 Qb6 59.Qe8+ Kg7
60.Kf4 Qd4+ 61.Qe4 Qd2+ 62.Qe3 Qb4+ 63.Ke5 Qe7+ 64.Kd4 Qa7+ 65.Ke4 Qe7+ 
66.Kd3 Qa3+ 67.Ke2 Qa6+ 68.Qd3 Qe6+ 69.Kd2 Qb6 70.Qd5 Qb2+ 71.Kd3 Qb1+ 72.
Kc4 Qa2+ 73.Kd4 Qd2+ 74.Kc5 Qa5+ 75.Kd6 Qd8+ 76.Kc6 Qa8+ 77.Kc5 Qa5+ 78.
Kd4 Qd2+ 79.Ke4 Qe1+ 80.Kd3 Qd1+ 81.Kc4 Qa4+ 82.Kc3 Qa3+ 83.Kc2 Qa6 84.Kb3
Qa1 85.Kb4 Qb2+ 86.Kc5 Qa3+ 87.Kb6 Qe3+ 88.Kc6 Qa3 89.Kd7 Qa4+ 90.Kd8 Qa6 
91.f4 Qb6+ 92.Kc8 Qf2 93.Qd7+ Kg8 94.Kd8 Qb6+ 95.Ke7 Qc5+ 96.Ke6 Qc4+ 97.
Ke7 Qc5+ 98.Kd8 Qb6+ 99.Qc7 Qe6 100.Qd7 Qb6+ 101.Ke7 Qb4+ 102.Kf6 Qxf4+ 
103.Kxg6 Qe4+ 104.Kf6 Qf4+ 105.Qf5 Qxf5+ 106.Kxf5 Kf7 107.g6+ Kg7 108.Kg5 
Kg8 1/2-1/2

[Event "3rd EUR-ch (w)"]
[Site "Varna BUL"]
[Date "2002.05.31"]
[Round "5.31"]
[White "Ozturk, Kubra"]
[Black "Zakurdyaeva, Irina"]
[Result "0-1"]
[WhiteElo "2017"]
[BlackElo "2318"]
[EventDate "2002.05.27"]
[PlyCount "72"]

1.d4 d5 2.c4 c6 3.Nf3 Nf6 4.Nc3 dxc4 5.e3 b5 6.a4 b4 7.Na2 a5 8.Bxc4 Bf5 
9.Bd2 e6 10.Rc1 Bd6 11.Qb3 Nbd7 12.Bd3 Rc8 13.Bxf5 exf5 14.h3 O-O 15.O-O 
Ne4 16.Rfd1 Nb6 17.Be1 c5 18.Nd2 Nxd2 19.Rxd2 c4 20.Qd1 Qd7 21.b3 cxb3 22.
Qxb3 Qxa4 23.Qxa4 Nxa4 24.Rb1 Rc4 25.Nc1 Nc3 26.Ra1 a4 27.Nd3 a3 28.Nc1 
Ne4 29.Re2 Rxc1 30.Rxc1 b3 31.f3 b2 32.Rd1 Rc8 33.fxe4 Rc1 34.Rxc1 bxc1=Q 
35.Kf2 fxe4 36.Bd2 Qd1 0-1

[Event "3rd EUR-ch (w)"]
[Site "Varna BUL"]
[Date "2002.05.31"]
[Round "5.32"]
[White "Djingarova, Emilia"]
[Black "Makka, Ioulia"]
[Result "1-0"]
[WhiteElo "2315"]
[BlackElo "2188"]
[EventDate "2002.05.27"]
[PlyCount "89"]

1.e4 c6 2.d4 d5 3.exd5 cxd5 4.c4 Nf6 5.Nc3 e6 6.c5 Be7 7.Nf3 O-O 8.Qc2 b6 
9.b4 a5 10.Na4 bxc5 11.bxc5 Ba6 12.Bxa6 Rxa6 13.O-O Nc6 14.Qe2 Ra7 15.Bf4 
Ne4 16.Rab1 Qe8 17.Qb5 f6 18.Qb3 Kh8 19.Be3 Qd7 20.Nb6 Qc7 21.g3 g5 22.Qb2
Rg8 23.Nd2 Nxd2 24.Qxd2 Bd8 25.f4 gxf4 26.Bxf4 Qg7 27.Bd6 Qg6 28.Rbe1 Re8 
29.a3 Rb7 30.Qc3 Qh5 31.Rf2 Rg7 32.Rfe2 Rg4 33.Bf4 Qf5 34.Kh1 h5 35.Nc8 
Reg8 36.Nd6 Qg6 37.h3 Rxf4 38.gxf4 a4 39.Qe3 Ba5 40.Rf1 h4 41.f5 exf5 42.
Nxf5 Rb8 43.Rg2 Qh5 44.Qe6 Rf8 45.Qxc6 1-0

[Event "3rd EUR-ch (w)"]
[Site "Varna BUL"]
[Date "2002.05.31"]
[Round "5.33"]
[White "Mashinskaya, Yulia"]
[Black "Bednikova, Stefi"]
[Result "1-0"]
[WhiteElo "2300"]
[BlackElo "2184"]
[EventDate "2002.05.27"]
[PlyCount "55"]

1.e4 e6 2.d3 c5 3.Nf3 Nc6 4.g3 g6 5.Bg2 Bg7 6.O-O Nge7 7.Re1 d6 8.c3 e5 9.
a3 b6 10.b4 a6 11.Be3 O-O 12.Qd2 cxb4 13.axb4 d5 14.exd5 Nxd5 15.Bh6 f6 
16.Bxg7 Kxg7 17.d4 Ra7 18.dxe5 fxe5 19.b5 Na5 20.Qe2 axb5 21.Qxe5+ Nf6 22.
Qxb5 Ba6 23.Qb4 Re8 24.Rxe8 Nxe8 25.Nbd2 Qd6 26.Re1 Ra8 27.Re7+ Kf6 28.
Qh4+ 1-0

[Event "3rd EUR-ch (w)"]
[Site "Varna BUL"]
[Date "2002.05.31"]
[Round "5.34"]
[White "Sikorova, Olga"]
[Black "Muller, Anne"]
[Result "1-0"]
[WhiteElo "2298"]
[BlackElo "2167"]
[EventDate "2002.05.27"]
[PlyCount "67"]

1.e4 c5 2.Nc3 Nc6 3.Nf3 d6 4.d4 cxd4 5.Nxd4 Nf6 6.f3 e5 7.Nb3 Be7 8.Be3 
Be6 9.Nd5 Bxd5 10.exd5 Nb4 11.c4 a5 12.a3 Na6 13.Bd3 O-O 14.O-O b6 15.Nd2 
Nd7 16.Qb1 h6 17.Bf2 Nac5 18.Bc2 Bh4 19.b4 Bxf2+ 20.Rxf2 Na6 21.Ne4 Nf6 
22.Ba4 Rc8 23.Bb5 Nc7 24.Bc6 Nxe4 25.fxe4 Ne6 26.bxa5 Rxc6 27.dxc6 bxa5 
28.Qb7 Nc5 29.Qa7 Nxe4 30.c7 Qd7 31.Rb2 Rc8 32.Rb8 Kh7 33.Rxc8 Qxc8 34.Qb8
1-0

[Event "3rd EUR-ch (w)"]
[Site "Varna BUL"]
[Date "2002.05.31"]
[Round "5.35"]
[White "Krupkova, Petra"]
[Black "Galoian, Lilit"]
[Result "1/2-1/2"]
[WhiteElo "2293"]
[BlackElo "2163"]
[EventDate "2002.05.27"]
[PlyCount "65"]

1.e4 c5 2.c3 Nf6 3.e5 Nd5 4.d4 cxd4 5.Nf3 Nc6 6.Bc4 Nb6 7.Bb3 d6 8.exd6 
Qxd6 9.O-O Be6 10.Bxe6 Qxe6 11.Nxd4 Qd7 12.Nxc6 Qxd1 13.Rxd1 bxc6 14.a4 e5
15.a5 Nd5 16.Na3 Be7 17.Nc4 f6 18.a6 Kf7 19.Na5 Rhc8 20.Nxc6 Nxc3 21.Nxe5+
fxe5 22.bxc3 Rxc3 23.Be3 Ke6 24.Rdc1 Rxc1+ 25.Rxc1 Bd6 26.g3 Kd5 27.Kg2 
Rf8 28.Rd1+ Kc6 29.Bxa7 Ra8 30.Be3 Rxa6 31.Kf3 Ra4 32.h4 g6 33.Rd2 1/2-1/2

[Event "3rd EUR-ch (w)"]
[Site "Varna BUL"]
[Date "2002.05.31"]
[Round "5.36"]
[White "Khasanova, Elmira"]
[Black "Jiretorn, Eva"]
[Result "1-0"]
[WhiteElo "2256"]
[BlackElo "2114"]
[EventDate "2002.05.27"]
[PlyCount "87"]

1.d4 Nf6 2.c4 g6 3.Nc3 Bg7 4.e4 d6 5.Be2 O-O 6.Nf3 e5 7.O-O Nc6 8.dxe5 
dxe5 9.Bg5 Qxd1 10.Rfxd1 Bg4 11.Rd3 Bxf3 12.Bxf3 Nd4 13.Nd5 Nxd5 14.cxd5 
h6 15.Be3 Rfd8 16.Rc1 Nxf3+ 17.gxf3 c6 18.Rb3 cxd5 19.Rxb7 d4 20.Bd2 Rdb8 
21.Rcc7 Rxb7 22.Rxb7 Rc8 23.Kf1 h5 24.Ke2 Bf8 25.Kd3 a6 26.Rb6 Ra8 27.f4 
exf4 28.Bxf4 Bg7 29.Rb8+ Rxb8 30.Bxb8 Kf8 31.Ba7 Ke7 32.Bxd4 Bh6 33.b4 Kd6
34.a4 Kc6 35.Kc4 Bf4 36.b5+ axb5+ 37.axb5+ Kb7 38.h3 g5 39.f3 Kc7 40.Kd5 
Kb7 41.e5 Kc7 42.Ke4 Bg3 43.Kf5 Bh4 44.Be3 1-0

[Event "3rd EUR-ch (w)"]
[Site "Varna BUL"]
[Date "2002.05.31"]
[Round "5.37"]
[White "Voiska, Margarita"]
[Black "Topel, Zehra"]
[Result "1-0"]
[WhiteElo "2300"]
[BlackElo "2023"]
[EventDate "2002.05.27"]
[PlyCount "61"]

1.d4 f5 2.Nf3 Nf6 3.g3 g6 4.Bg2 Bg7 5.O-O d6 6.b3 O-O 7.Bb2 Qe8 8.Nbd2 Nc6
9.Nc4 h6 10.e3 g5 11.a4 e6 12.Rb1 Ne7 13.Ne1 Ng6 14.Nd3 h5 15.f4 g4 16.Nd2
Rb8 17.e4 b6 18.Re1 Qf7 19.c4 Bb7 20.Nf2 h4 21.d5 hxg3 22.hxg3 Nh5 23.dxe6
Qxe6 24.exf5 Qxf5 25.Bxb7 Rxb7 26.Nde4 Bxb2 27.Rxb2 Kh7 28.Qxg4 Qxg4 29.
Nxg4 Kg7 30.Rh2 Rh8 31.f5 1-0

[Event "3rd EUR-ch (w)"]
[Site "Varna BUL"]
[Date "2002.05.31"]
[Round "5.38"]
[White "Zawadzka, Jolanta"]
[Black "Bojkovic, Natasa"]
[Result "0-1"]
[WhiteElo "2181"]
[BlackElo "2431"]
[EventDate "2002.05.27"]
[PlyCount "110"]

1.e4 c5 2.Nf3 d6 3.d4 cxd4 4.Nxd4 Nf6 5.Nc3 Nc6 6.f3 e5 7.Nb3 Be7 8.Be3 
O-O 9.Qd2 Be6 10.Nd5 Bxd5 11.exd5 Nb8 12.Be2 Nbd7 13.O-O a6 14.c4 a5 15.f4
exf4 16.Bxf4 Ne5 17.Rae1 Ng6 18.Bd3 Nd7 19.Nd4 Nxf4 20.Qxf4 Ne5 21.Qe4 g6 
22.Bb1 Rc8 23.b3 Re8 24.Nf3 Bf6 25.Qf4 Nxf3+ 26.Qxf3 Rxe1 27.Rxe1 Be5 28.
Qe3 Qf6 29.Kh1 Rc7 30.Bd3 Qd8 31.Qf2 Re7 32.Re2 Qc7 33.g3 f5 34.Kg2 Kg7 
35.Qe1 Rf7 36.Rf2 Qc5 37.Qd2 Qc7 38.Qg5 Bf6 39.Qf4 Qd8 40.Re2 Be5 41.Qf3 
f4 42.g4 Bd4 43.Re6 b6 44.Kf1 Be5 45.Be4 Qh4 46.Kg2 Qe1 47.a4 Qd2+ 48.Kh3 
Rf8 49.g5 Qe1 50.Bd3 Qg1 51.Be4 Qxg5 52.Qg4 Qh6+ 53.Kg2 f3+ 54.Bxf3 Qxh2+ 
55.Kf1 Bg3 0-1

[Event "3rd EUR-ch (w)"]
[Site "Varna BUL"]
[Date "2002.05.31"]
[Round "5.39"]
[White "Kaps, Darja"]
[Black "Polushkina, Svetlana"]
[Result "1-0"]
[WhiteElo "2251"]
[BlackElo "2159"]
[EventDate "2002.05.27"]
[PlyCount "99"]

1.e4 c6 2.d4 d5 3.exd5 cxd5 4.Bd3 Nc6 5.c3 Nf6 6.Bf4 Bg4 7.Nf3 e6 8.Nbd2 
Bd6 9.Bxd6 Qxd6 10.O-O O-O 11.Qc2 Rfc8 12.a3 e5 13.dxe5 Nxe5 14.Nxe5 Qxe5 
15.Rfe1 Qf4 16.f3 Be6 17.Nb3 Bd7 18.Nd4 Re8 19.Qf2 a6 20.Bc2 Rxe1+ 21.Rxe1
Re8 22.Rxe8+ Nxe8 23.Qe1 Qg5 24.g3 Nd6 25.h4 Qf6 26.g4 g6 27.Qg3 Qe7 28.h5
Nc4 29.hxg6 hxg6 30.Bb3 Qe3+ 31.Kg2 Qd2+ 32.Kh3 Qh6+ 33.Qh4 Qxh4+ 34.Kxh4 
Nxb2 35.Bxd5 b5 36.Bb7 Na4 37.Bxa6 Nxc3 38.Kg5 Kg7 39.Kf4 Kf6 40.g5+ Ke7 
41.Ke5 Nb1 42.Nxb5 Bxb5 43.Bxb5 Nxa3 44.Bd3 Ke8 45.Kd6 f6 46.gxf6 Kf7 47.
Ke5 Kf8 48.Ke6 Ke8 49.f4 Kf8 50.f7 1-0

[Event "3rd EUR-ch (w)"]
[Site "Varna BUL"]
[Date "2002.05.31"]
[Round "5.40"]
[White "Georgieva, Liubka"]
[Black "Gerasimovich, Olga"]
[Result "1-0"]
[WhiteElo "2241"]
[BlackElo "2153"]
[EventDate "2002.05.27"]
[PlyCount "129"]

1.e4 c5 2.Nf3 e6 3.d4 cxd4 4.Nxd4 a6 5.Nc3 b5 6.g3 Bb7 7.Bg2 b4 8.Nce2 Nf6
9.Qd3 Bc5 10.O-O d6 11.c3 bxc3 12.Nxc3 Nbd7 13.Nb3 Ne5 14.Qe2 Ba7 15.Be3 
Bxe3 16.Qxe3 O-O 17.Rfd1 Rc8 18.Rac1 Nc4 19.Qe2 Nd7 20.Nd4 Qa5 21.h3 Qb4 
22.b3 Nce5 23.Qe3 Rfd8 24.f4 Nc6 25.Nc2 Qc5 26.Na4 Qxe3+ 27.Nxe3 Na7 28.
Nc4 Nb5 29.Nab6 Nxb6 30.Nxb6 Rc6 31.Nc4 Rdc8 32.Ra1 Ba8 33.a4 Nc3 34.Rd3 
d5 35.exd5 Nxd5 36.Rad1 Rc5 37.Nb6 Rd8 38.Nxa8 Rxa8 39.Bxd5 Rxd5 40.Rxd5 
exd5 41.Rxd5 g6 42.Kf2 Rb8 43.Rd3 h5 44.h4 Kf8 45.Ke3 Rb4 46.Kd2 Ke7 47.
Kc3 Re4 48.Kc2 Ke6 49.Rd8 Rb4 50.Kc3 Rb6 51.Re8+ Kf5 52.Re5+ Kg4 53.Rg5+ 
Kf3 54.b4 Ke4 55.Kc4 Rc6+ 56.Rc5 Rd6 57.Re5+ Kf3 58.Rg5 Rd1 59.b5 a5 60.b6
Rb1 61.Kc5 Rb4 62.Kc6 Rxa4 63.b7 Rc4+ 64.Kb6 Rb4+ 65.Rb5 1-0

[Event "3rd EUR-ch (w)"]
[Site "Varna BUL"]
[Date "2002.05.31"]
[Round "5.41"]
[White "Kouvatsou, Maria"]
[Black "Gunther, Anetta"]
[Result "1-0"]
[WhiteElo "2232"]
[BlackElo "2116"]
[EventDate "2002.05.27"]
[PlyCount "83"]

1.e4 c5 2.c3 d5 3.exd5 Qxd5 4.d4 Nc6 5.Nf3 Bg4 6.Be2 cxd4 7.cxd4 e6 8.Nc3 
Qa5 9.O-O Nf6 10.a3 Bd6 11.Be3 O-O 12.h3 Bh5 13.b4 Qd8 14.Qb3 Rc8 15.Rfd1 
Nd5 16.Nxd5 exd5 17.Ra2 Re8 18.Kf1 Bb8 19.Rc2 Qd7 20.Rdc1 Ne7 21.a4 a6 22.
b5 Rxc2 23.Rxc2 Qe6 24.g4 Bg6 25.Rc5 Qe4 26.Kg1 h6 27.Nd2 Qe6 28.Bf3 Qd6 
29.Nf1 Rd8 30.Kg2 Kh8 31.a5 f5 32.bxa6 bxa6 33.Qb6 fxg4 34.hxg4 Bd3 35.Ng3
Qd7 36.Rc1 Ng6 37.Rh1 Bc7 38.Qb3 Be4 39.Qa2 Nf4+ 40.Bxf4 Bxf4 41.Nxe4 dxe4
42.Bxe4 1-0

[Event "3rd EUR-ch (w)"]
[Site "Varna BUL"]
[Date "2002.05.31"]
[Round "5.42"]
[White "Ionica, Iulia-Ionela"]
[Black "Karahaliou, Elia"]
[Result "1-0"]
[WhiteElo "2228"]
[BlackElo "2058"]
[EventDate "2002.05.27"]
[PlyCount "89"]

1.e4 c5 2.Nf3 Nc6 3.d4 cxd4 4.Nxd4 Qc7 5.Nc3 e6 6.Be2 a6 7.f4 Bc5 8.Nb3 
Ba7 9.Bf3 Nge7 10.Qe2 Nd4 11.Nxd4 Bxd4 12.Nd1 O-O 13.c3 Ba7 14.Be3 Bxe3 
15.Qxe3 Rd8 16.O-O d5 17.e5 b5 18.Qf2 a5 19.Ne3 Ba6 20.Rfd1 Rac8 21.a3 Qb6
22.Nc2 Qxf2+ 23.Kxf2 Nc6 24.Be2 Ra8 25.Nd4 Nxd4 26.cxd4 Kf8 27.Rdc1 Rdc8 
28.Rc5 Ke7 29.Ke3 Kd7 30.Rac1 b4 31.Bxa6 Rxc5 32.Rxc5 Rxa6 33.axb4 axb4 
34.Rb5 Rc6 35.Rxb4 Rc2 36.Kf3 Rc4 37.Rxc4 dxc4 38.f5 Kc6 39.fxe6 fxe6 40.
Ke4 g6 41.g3 h6 42.h3 g5 43.g4 Kb5 44.d5 Kc5 45.dxe6 1-0

[Event "3rd EUR-ch (w)"]
[Site "Varna BUL"]
[Date "2002.05.31"]
[Round "5.43"]
[White "Smochina, Carolina"]
[Black "Agrest, Svetlana"]
[Result "0-1"]
[WhiteElo "2143"]
[BlackElo "2225"]
[EventDate "2002.05.27"]
[PlyCount "70"]

1.c4 f5 2.g3 Nf6 3.Bg2 d6 4.Nc3 g6 5.e3 e5 6.d3 Bg7 7.Nge2 O-O 8.Qd2 a5 9.
b3 c6 10.Ba3 Na6 11.O-O Nc7 12.Rad1 Kh8 13.Na4 Na6 14.Bb2 Bd7 15.c5 dxc5 
16.Bxe5 b5 17.Nb2 Qe7 18.Bc3 Nb4 19.a4 Ra7 20.Ra1 Rc8 21.d4 Nfd5 22.dxc5 
Nxc3 23.Nxc3 Qxc5 24.Rac1 Qf8 25.e4 fxe4 26.Nxe4 Bf5 27.axb5 Rd8 28.Qe2 
cxb5 29.Rfd1 Rxd1+ 30.Nxd1 a4 31.Qxb5 a3 32.Nc5 a2 33.Qxb4 a1=Q 34.Rxa1 
Rxa1 35.Bf3 Bc2 0-1